[Event "DVM U14w 2017"]
[Site "Neumünster GER"]
[Date "2017.12.29"]
[Round "5"]
[White "de Veer, Mara"]
[Black "Wilhelm, Anna-Lena"]
[Result "1-0"]
[Termination "normal"]
[Board "6.4"]
[WhiteElo "1207"]
[BlackElo "1122"]
[WhiteTeam "SV SF Friedrichshagen"]
[BlackTeam "SG Blau-Weiß Stadtilm"]
[PlyCount "119"]
[WhiteFideId "16217349"]
[BlackFideId "16230094"]
[EventCountry "GER"]
[EventRounds "7"]
[EventType "team-swiss"]
[EventDate "2017.12.26"]

1. e4 e5 2. Nf3 Nc6 3. Bc4 Bc5 4. d3 Nf6 5. c3 d6 6. Bb3 a6 7. O-O Be6 8. Bc2
Ba7 9. Nbd2 Qd7 10. Re1 O-O-O 11. b4 Rdg8 12. Nf1 h6 13. a4 Ne7 14. d4 Bg4 15.
Be3 Kb8 16. dxe5 dxe5 17. Qxd7 Nxd7 18. Bb3 Be6 19. Bxe6 fxe6 20. Rad1 Nf6 21.
Bxa7+ Kxa7 22. Nxe5 Rd8 23. Ng3 g5 24. Rxd8 Rxd8 25. Nf7 Rd3 26. Rc1 Ng4 27. h3
Nf6 28. Nxh6 Nc6 29. Nf7 g4 30. e5 Nd5 31. hxg4 Nf4 32. f3 Ne7 33. Kf1 Ned5 34.
g5 Ne3+ 35. Kf2 Nexg2 36. Rh1 Rd2+ 37. Kg1 Rd1+ 38. Kh2 Rxh1+ 39. Kxh1 Nh4 40.
Kg1 Kb8 41. Kf2 Kc8 42. Ne2 Nxe2 43. Kxe2 Ng6 44. Ke3 Kd7 45. Ke4 Ke7 46. Nh6
Kf8 47. c4 b6 48. f4 Nh4 49. f5 exf5+ 50. Nxf5 Ng6 51. e6 Ke8 52. Kd5 Kd8 53.
Kc6 Ne5+ 54. Kb7 Nxc4 55. g6 a5 56. g7 Nd6+ 57. Nxd6 cxd6 58. g8=Q+ Ke7 59.
Qf7+ Kd8 60. Qd7# 1-0

[Event "DVM U14w 2017"]
[Site "Neumünster GER"]
[Date "2017.12.29"]
[Round "5"]
[White "Schwegler, Jelena"]
[Black "Werner, Rosalie"]
[Result "0-1"]
[Termination "normal"]
[Board "7.1"]
[WhiteElo "1544"]
[BlackElo "1546"]
[WhiteTeam "SK Bad Homburg"]
[BlackTeam "VSG 1880 Offenbach"]
[PlyCount "190"]
[WhiteFideId "16225481"]
[BlackFideId "16223748"]
[EventCountry "GER"]
[EventRounds "7"]
[EventType "team-swiss"]
[EventDate "2017.12.26"]

1. e4 e6 2. d4 d5 3. Nd2 Nf6 4. e5 Nfd7 5. Ngf3 c5 6. c3 Nc6 7. Bd3 cxd4 8.
cxd4 f6 9. Nh4 g6 10. b3 fxe5 11. Qg4 Nf6 12. Qg3 e4 13. Bb1 Bd6 14. f4 Nh5 15.
Qf2 Rf8 16. g3 Nf6 17. O-O Ng4 18. Qe2 Nh6 19. Nxe4 dxe4 20. Qxe4 Qf6 21. Be3
Nf5 22. Nxf5 Qxf5 23. Qf3 Qf6 24. d5 exd5 25. Qxd5 Qe6 26. Qd2 Bb4 27. Qd3 Bd7
28. a3 Be7 29. Bc2 O-O-O 30. b4 Be8 31. Qe2 Nd4 32. Qf2 Nxc2 33. Qxc2+ Kb8 34.
Qf2 Qa6 35. Rfb1 Bf6 36. Ra2 Bf7 37. Rc2 Qxa3 38. f5 gxf5 39. Rbc1 Bg6 40. Bf4+
Ka8 41. Qd2 a6 42. Be3 Rde8 43. Bb6 f4 44. Rc7 Be4 45. Qd7 Rb8 46. Bf2 Qf3 47.
Kf1 Qd3+ 48. Kg1 Qxd7 49. Rxd7 fxg3 50. hxg3 Rbc8 51. Re1 Bg6 52. g4 Rfd8 53.
Red1 Rxd7 54. Rxd7 Rd8 55. Rc7 Kb8 56. Bg3 Rd1+ 57. Kh2 Ka8 58. Rc4 Rd4 59.
Rc8+ Ka7 60. Bf2 b6 61. Bxd4 Bxd4 62. Rd8 Bc3 63. Rd7+ Kb8 64. Rd8+ Kc7 65. Ra8
Be5+ 66. Kh3 Kb7 67. Rd8 Bc3 68. Rd7+ Kc6 69. Ra7 a5 70. bxa5 Bxa5 71. Kh4 Bd2
72. Kg3 b5 73. Ra8 Kc5 74. Rc8+ Kb4 75. Kf2 Kb3 76. Ke2 Bh6 77. Rb8 b4 78. Kd1
Ka3 79. Ra8+ Kb2 80. Rb8 b3 81. Rb6 Ka2 82. Ra6+ Kb1 83. Ra5 Bc2+ 84. Ke2 b2
85. g5 Kc1 86. Rb5 Bd1+ 87. Ke1 Bg7 88. Rb7 Bc3+ 89. Kf2 b1=Q 90. Rxb1+ Kxb1
91. Kg3 Bd2 92. Kh4 Bc2 93. Kh5 Bg6+ 94. Kh6 Kc2 95. Kg7 Bxg5 0-1

[Event "DVM U14w 2017"]
[Site "Neumünster GER"]
[Date "2017.12.29"]
[Round "5"]
[White "Buchholz, Maja"]
[Black "Tornay, Haizea"]
[Result "0-1"]
[Termination "normal"]
[Board "7.2"]
[WhiteElo "1266"]
[BlackElo "1320"]
[WhiteTeam "VSG 1880 Offenbach"]
[BlackTeam "SK Bad Homburg"]
[PlyCount "152"]
[WhiteFideId "16200500"]
[BlackFideId "16205758"]
[EventCountry "GER"]
[EventRounds "7"]
[EventType "team-swiss"]
[EventDate "2017.12.26"]

1. c4 Nf6 2. Nf3 g6 3. g3 Bg7 4. Bg2 O-O 5. O-O d6 6. Nc3 Nbd7 7. d3 e5 8. Rb1
Re8 9. Qc2 Rb8 10. b4 Nf8 11. a3 Bf5 12. Bg5 h6 13. Bxf6 Qxf6 14. Nd5 Qd8 15.
Qd2 c6 16. Nc3 d5 17. cxd5 cxd5 18. Rbc1 Bf6 19. Qxh6 e4 20. dxe4 dxe4 21. Rfd1
Nd7 22. Nd5 exf3 23. Nxf6+ Qxf6 24. exf3 g5 25. Qh5 Ne5 26. g4 Bg6 27. Qh3 Nd3
28. Ra1 Nf4 29. Qh6 Rbd8 30. Bf1 Re6 31. Bc4 Red6 32. Re1 Bd3 33. Qxf6 Rxf6 34.
Rad1 Rfd6 35. Bxd3 Nxd3 36. Re7 R6d7 37. Rxd7 Rxd7 38. Kf1 Ne5 39. Rxd7 Nxd7
40. Ke2 Ne5 41. h3 Nc4 42. a4 Nb6 43. Ke3 Nxa4 44. f4 f6 45. Ke4 Kg7 46. Kf5
gxf4 47. h4 f3 48. h5 Nc3 49. h6+ Kf7 50. h7 Kg7 51. h8=Q+ Kxh8 52. Kxf6 Kg8
53. Kf5 Nd5 54. Ke4 Nxb4 55. Kxf3 a5 56. Ke4 a4 57. f4 a3 58. f5 a2 59. Kf4
a1=Q 60. Kg5 Qg7+ 61. Kh5 Nd5 62. g5 Qh7+ 63. Kg4 Ne3+ 64. Kf4 Qxf5+ 65. Kxe3
Qxg5+ 66. Kd4 Qe7 67. Kd5 Qb4 68. Ke6 Qc5 69. Kd7 Qc6+ 70. Kd8 Kg7 71. Ke7 Kg6
72. Kd8 Kf5 73. Ke7 Qh6 74. Kf7 Qh7+ 75. Ke8 Ke6 76. Kd8 Qd7# 0-1

[Event "DVM U14w 2017"]
[Site "Neumünster GER"]
[Date "2017.12.29"]
[Round "5"]
[White "Goetz, Fenja"]
[Black "Dixon, Laura Michaela"]
[Result "1-0"]
[Termination "normal"]
[Board "7.3"]
[WhiteElo "1402"]
[BlackElo "1105"]
[WhiteTeam "SK Bad Homburg"]
[BlackTeam "VSG 1880 Offenbach"]
[PlyCount "111"]
[WhiteFideId "16250516"]
[BlackFideId "16248708"]
[EventCountry "GER"]
[EventRounds "7"]
[EventType "team-swiss"]
[EventDate "2017.12.26"]

1. e4 e5 2. Nf3 Nc6 3. d4 exd4 4. Bc4 Bc5 5. c3 Nge7 6. cxd4 Bb4+ 7. Bd2 Bxd2+
8. Qxd2 Ng6 9. Nc3 d6 10. O-O O-O 11. Rfe1 b6 12. Rac1 Bb7 13. Bd5 Rb8 14. Nb5
a6 15. Bxc6 Bxc6 16. Rxc6 axb5 17. Qb4 Ne7 18. Rc2 Qd7 19. Rec1 c5 20. Qd2 Rfc8
21. dxc5 bxc5 22. Rxc5 Rd8 23. Rc7 Qe6 24. Qc2 Rdc8 25. Qd3 Rd8 26. Qb1 Ra8 27.
a3 Rdb8 28. Qd3 Rb6 29. Nd4 Qe5 30. Nf5 Nxf5 31. Rc8+ Qe8 32. Rxe8+ Rxe8 33.
exf5 h6 34. f3 Kf8 35. Qd5 Re5 36. Qa8+ Ke7 37. Qa7+ Kf6 38. Qxb6 Kxf5 39. Qxd6
h5 40. Rc5 f6 41. Rxe5+ fxe5 42. Qd7+ Kf4 43. Qxb5 h4 44. Qb4+ Kg5 45. Qe7+ Kf5
46. Qxg7 Ke6 47. Qh6+ Kd5 48. Qxh4 Kc5 49. Qg5 Kd4 50. h4 e4 51. fxe4 Kxe4 52.
h5 Kd3 53. h6 Kc2 54. h7 Kxb2 55. h8=Q+ Kxa3 56. Qb5 1-0

[Event "DVM U14w 2017"]
[Site "Neumünster GER"]
[Date "2017.12.29"]
[Round "5"]
[White "Hentschker, Josefin"]
[Black "Rahimova, Sarah"]
[Result "1-0"]
[Termination "normal"]
[Board "7.4"]
[WhiteElo "1111"]
[BlackElo "1072"]
[WhiteTeam "VSG 1880 Offenbach"]
[BlackTeam "SK Bad Homburg"]
[PlyCount "75"]
[WhiteFideId "16255810"]
[BlackFideId "16255801"]
[EventCountry "GER"]
[EventRounds "7"]
[EventType "team-swiss"]
[EventDate "2017.12.26"]

1. e4 e5 2. Nf3 Nc6 3. Bc4 Nf6 4. Nc3 Nxe4 5. Nxe4 d5 6. Bxd5 Qxd5 7. Nc3 Qd8
8. h3 Bf5 9. d3 Bb4 10. a3 Ba5 11. Bd2 O-O 12. O-O Qf6 13. Rb1 Bb6 14. Nd5 Qg6
15. Kh1 Nd4 16. Ne7+ Kh8 17. Nxg6+ fxg6 18. Nxe5 Rae8 19. Nf3 Re7 20. Be3 Nxf3
21. Qxf3 Bxe3 22. fxe3 c6 23. e4 Ref7 24. exf5 Rxf5 25. Qe2 Rxf1+ 26. Rxf1 Rd8
27. Qe7 Rg8 28. Rf8 h6 29. Rxg8+ Kxg8 30. Qxb7 Kh7 31. Qxc6 a5 32. d4 a4 33. d5
Kh8 34. d6 Kh7 35. d7 h5 36. d8=Q h4 37. Qxh4+ Kg8 38. Qe8# 1-0

[Event "DVM U14w 2017"]
[Site "Neumünster GER"]
[Date "2017.12.29"]
[Round "5"]
[White "Stowicek, Yara Mathilda"]
[Black "Rothenberg, Nina"]
[Result "1/2-1/2"]
[Termination "normal"]
[Board "8.1"]
[WhiteElo "1496"]
[BlackElo "1587"]
[WhiteTeam "USV Halle"]
[BlackTeam "TuRa Harksheide Norderstedt"]
[PlyCount "67"]
[WhiteFideId "16203569"]
[BlackFideId "16208943"]
[EventCountry "GER"]
[EventRounds "7"]
[EventType "team-swiss"]
[EventDate "2017.12.26"]

1. e4 e6 2. d4 d5 3. Nd2 Nf6 4. e5 Nfd7 5. Bd3 c5 6. c3 Nc6 7. Ne2 Qb6 8. Nf3
Be7 9. O-O O-O 10. Bc2 f5 11. Nf4 Ndb8 12. Re1 Na6 13. Rb1 cxd4 14. cxd4 Nab4
15. Bb3 Na5 16. a3 Nxb3 17. Qxb3 Nc6 18. Qxb6 axb6 19. Ne2 h6 20. Nf4 Kf7 21.
Bd2 Bd7 22. Be3 Rfc8 23. Rec1 Rc7 24. h3 Rac8 25. Kf1 Na5 26. Bd2 Nc4 27. Ke1
Nxd2 28. Kxd2 Rxc1 29. Rxc1 Rxc1 30. Kxc1 Bb5 31. Kc2 Bf1 32. Nd2 Bb5 33. Nd3
Bh4 34. g3 1/2-1/2

[Event "DVM U14w 2017"]
[Site "Neumünster GER"]
[Date "2017.12.29"]
[Round "5"]
[White "Löding, Sarah-Marie"]
[Black "Delgado, Celina"]
[Result "0-1"]
[Termination "normal"]
[Board "8.2"]
[WhiteElo "1169"]
[BlackElo "1440"]
[WhiteTeam "TuRa Harksheide Norderstedt"]
[BlackTeam "USV Halle"]
[PlyCount "94"]
[WhiteFideId "16245164"]
[BlackFideId "12993735"]
[EventCountry "GER"]
[EventRounds "7"]
[EventType "team-swiss"]
[EventDate "2017.12.26"]

1. e4 e5 2. Nf3 Nc6 3. Bc4 Nf6 4. d3 d6 5. Bg5 Be7 6. h3 O-O 7. Nbd2 Re8 8. Nf1
a6 9. Ng3 b5 10. Bxf6 Bxf6 11. Bd5 Bb7 12. c3 Rb8 13. b4 Ne7 14. Bb3 Ng6 15.
O-O Qd7 16. a4 Nf4 17. a5 Rbd8 18. Re1 c5 19. Rc1 cxb4 20. cxb4 Rc8 21. Qd2 Ng6
22. Nf5 d5 23. Ne3 dxe4 24. dxe4 Qxd2 25. Nxd2 Nf4 26. Rxc8 Rxc8 27. Nf5 Nd3
28. Re3 Rd8 29. Nf3 Nxb4 30. Re1 h6 31. Nh2 h5 32. h4 Bc8 33. f3 Nc6 34. Ra1
Bxf5 35. exf5 Bxh4 36. Kf1 Bg3 37. Kg1 Bxh2+ 38. Kxh2 Nd4 39. Ba2 Nxf5 40. Rc1
g6 41. Rc7 Nh6 42. Kh3 Rd2 43. Bb3 e4 44. Re7 exf3 45. gxf3 Rd3 46. Ba2 Rxf3+
47. Kh4 Nf5+ 0-1

[Event "DVM U14w 2017"]
[Site "Neumünster GER"]
[Date "2017.12.29"]
[Round "5"]
[White "Voigt, Anastasia"]
[Black "Foos, Vanessa"]
[Result "1-0"]
[Termination "normal"]
[Board "8.3"]
[WhiteElo "1350"]
[BlackElo "1207"]
[WhiteTeam "USV Halle"]
[BlackTeam "TuRa Harksheide Norderstedt"]
[PlyCount "84"]
[WhiteFideId "16235223"]
[BlackFideId "16245270"]
[EventCountry "GER"]
[EventRounds "7"]
[EventType "team-swiss"]
[EventDate "2017.12.26"]

1. e4 e5 2. Nf3 Nc6 3. Bc4 Bc5 4. c3 Nf6 5. d4 exd4 6. cxd4 Bb4+ 7. Bd2 Bxd2+
8. Nbxd2 d5 9. exd5 Nxd5 10. O-O O-O 11. Re1 Bg4 12. h3 Bh5 13. Qb3 Nb6 14. Qd3
Qf6 15. Ne5 Rad8 16. Nxc6 bxc6 17. Nb3 c5 18. Rac1 cxd4 19. Bb5 Bg6 20. Qd2 Rd5
21. Ba6 Na4 22. Bb7 Rd7 23. Bc6 Nb6 24. Bxd7 Nxd7 25. Rxc7 Qd6 26. Rec1 Nb6 27.
Qxd4 Qe6 28. Rxa7 Nc8 29. Rac7 Nd6 30. R7c6 Nb5 31. Qc5 Qe2 32. Nd4 Nxd4 33.
Qxd4 Bf5 34. a4 Qh5 35. R6c5 Qg6 36. Qe3 h6 37. b4 f6 38. a5 Re8 39. Qg3 Qh5
40. Qf4 Qg6 41. Qxf5 Qf7 42. b5 Qa7 1-0

[Event "DVM U14w 2017"]
[Site "Neumünster GER"]
[Date "2017.12.29"]
[Round "5"]
[White "Ziegenfuß, Antonia"]
[Black "Becker, Linda"]
[Result "1-0"]
[Termination "normal"]
[Board "9.1"]
[WhiteElo "1834"]
[BlackElo "1420"]
[WhiteTeam "OSG Baden-Baden"]
[BlackTeam "SG Porz"]
[PlyCount "97"]
[WhiteFideId "12962554"]
[BlackFideId "16244753"]
[EventCountry "GER"]
[EventRounds "7"]
[EventType "team-swiss"]
[EventDate "2017.12.26"]

1. d4 e6 2. c4 d5 3. Nc3 Nf6 4. cxd5 exd5 5. Bg5 Be7 6. e3 O-O 7. Bd3 Be6 8.
Nge2 c6 9. Qc2 h6 10. Bh4 Qb6 11. f3 Na6 12. a3 Nc7 13. Na4 Qa5+ 14. b4 Bxb4+
15. axb4 Qxb4+ 16. Nec3 Nce8 17. Nc5 Qb6 18. Rb1 Qc7 19. Rxb7 Qc8 20. O-O Nd7
21. N3a4 Nd6 22. Rb2 Qe8 23. Na6 Rc8 24. N4c5 Nxc5 25. Qxc5 Qd7 26. Rfb1 Nc4
27. Rb7 Qd6 28. Bxc4 Qxc5 29. dxc5 dxc4 30. Be1 Rfd8 31. Rb8 Rxb8 32. Rxb8 Rxb8
33. Nxb8 Kf8 34. Nxc6 a6 35. e4 Bd7 36. Ne5 Bb5 37. c6 Bxc6 38. Nxc6 Ke8 39.
Nb8 Ke7 40. Nxa6 Kd6 41. Kf2 Kc6 42. Ke3 Kb5 43. Nc7+ Ka4 44. Kd4 Kb3 45. Ne8
g5 46. Nd6 f6 47. Ne8 h5 48. Nxf6 h4 49. e5 1-0

[Event "DVM U14w 2017"]
[Site "Neumünster GER"]
[Date "2017.12.29"]
[Round "5"]
[White "Sinner, Joselyne"]
[Black "Visvikis, Kassandra"]
[Result "0-1"]
[Termination "normal"]
[Board "9.2"]
[WhiteElo "1652"]
[BlackElo "1473"]
[WhiteTeam "SG Porz"]
[BlackTeam "OSG Baden-Baden"]
[PlyCount "68"]
[WhiteFideId "16210387"]
[BlackFideId "36052167"]
[EventCountry "GER"]
[EventRounds "7"]
[EventType "team-swiss"]
[EventDate "2017.12.26"]

1. e4 e5 2. Nf3 Nc6 3. Nc3 Nf6 4. Bb5 d6 5. d4 Bd7 6. Bg5 Be7 7. d5 Nb8 8. Bd3
c6 9. h3 O-O 10. Qe2 a5 11. Nh4 h6 12. Be3 Nxe4 13. Bxe4 Bxh4 14. g3 Bg5 15.
O-O-O Bxe3+ 16. fxe3 a4 17. Qh5 Qg5 18. Qf3 f5 19. Rdf1 Na6 20. h4 Qg6 21. h5
Qg5 22. Bd3 e4 23. Nxe4 fxe4 24. Qxe4 g6 25. hxg6 Nc5 26. Qd4 Nxd3+ 27. Qxd3
Bf5 28. Qd1 Qxe3+ 29. Kb1 a3 30. b3 Qc3 31. Qc1 cxd5 32. Rxh6 Bxc2+ 33. Qxc2
Rxf1+ 34. Qc1 Qxc1# 0-1

[Event "DVM U14w 2017"]
[Site "Neumünster GER"]
[Date "2017.12.29"]
[Round "5"]
[White "Martin, Anastasia"]
[Black "Ramien, Hannah"]
[Result "1/2-1/2"]
[Termination "normal"]
[Board "9.3"]
[WhiteElo "1287"]
[BlackElo "1351"]
[WhiteTeam "OSG Baden-Baden"]
[BlackTeam "SG Porz"]
[PlyCount "66"]
[WhiteFideId "36098434"]
[BlackFideId "16209982"]
[EventCountry "GER"]
[EventRounds "7"]
[EventType "team-swiss"]
[EventDate "2017.12.26"]

1. e4 e5 2. f4 exf4 3. Nf3 Nf6 4. Nc3 Nc6 5. d4 Bb4 6. e5 Nd5 7. Bd2 Bxc3 8.
bxc3 O-O 9. c4 Nb6 10. Bxf4 d6 11. Be2 dxe5 12. Nxe5 Nxe5 13. Bxe5 Qh4+ 14. g3
Qe4 15. Rg1 Nxc4 16. Bxc7 Bg4 17. Qd3 Qxe2+ 18. Qxe2 Bxe2 19. Kxe2 Rac8 20. Bf4
Rfe8+ 21. Kf2 Na3 22. Rge1 h6 23. Rxe8+ Rxe8 24. c3 Rc8 25. Rc1 Nc4 26. Re1 g5
27. Be3 f6 28. h4 gxh4 29. gxh4 Nxe3 30. Rxe3 Kf7 31. h5 Rc6 32. d5 Rc5 33. d6
Re5 1/2-1/2

[Event "DVM U14w 2017"]
[Site "Neumünster GER"]
[Date "2017.12.29"]
[Round "5"]
[White "Popovidou, Laura"]
[Black "Kisner, Monica"]
[Result "0-1"]
[Termination "normal"]
[Board "9.4"]
[WhiteElo "935"]
[BlackElo "800"]
[WhiteTeam "SG Porz"]
[BlackTeam "OSG Baden-Baden"]
[PlyCount "102"]
[WhiteFideId "16255836"]
[EventCountry "GER"]
[EventRounds "7"]
[EventType "team-swiss"]
[EventDate "2017.12.26"]

1. e4 c5 2. Nf3 Nc6 3. Bc4 g6 4. Ng5 e6 5. d3 Bg7 6. O-O Nge7 7. Be3 Bxb2 8.
Nd2 Bxa1 9. Qxa1 O-O 10. Qf6 d5 11. Bxc5 dxc4 12. Bxe7 Qxe7 13. Qxe7 Nxe7 14.
Nxc4 f5 15. Re1 b5 16. Nd6 Bd7 17. c4 bxc4 18. Nxc4 Bb5 19. Ne5 Rac8 20. h3 Rc6
21. d4 Rfc8 22. Nxc6 Rxc6 23. exf5 Nxf5 24. Nxe6 Bc4 25. Re4 Bxe6 26. a4 Bd5
27. Rf4 Rc4 28. a5 Rxd4 29. Rxd4 Nxd4 30. Kh2 Ne2 31. f3 Kg7 32. h4 h5 33. Kh3
Be6+ 34. g4 Ng1+ 35. Kg3 Ne2+ 36. Kh3 Nd4 37. Kg3 Nc6 38. a6 Ne5 39. f4 Nxg4
40. Kf3 Bc4 41. Kg3 Bxa6 42. Kf3 Bb7+ 43. Kg3 a5 44. f5 gxf5 45. Kf4 Kg6 46.
Kg3 a4 47. Kh3 a3 48. Kg3 a2 49. Kh3 a1=Q 50. Kg3 Qg1+ 51. Kf4 Qe3# 0-1

[Event "DVM U14w 2017"]
[Site "Neumünster GER"]
[Date "2017.12.29"]
[Round "5"]
[White "Karlinger De la Quintana, Ainhoa"]
[Black "Bardorz, Jana"]
[Result "0-1"]
[Termination "normal"]
[Board "10.1"]
[WhiteElo "1436"]
[BlackElo "1542"]
[WhiteTeam "SC Vaterstetten"]
[BlackTeam "SK Neumarkt"]
[PlyCount "61"]
[WhiteFideId "16217268"]
[BlackFideId "16208897"]
[EventCountry "GER"]
[EventRounds "7"]
[EventType "team-swiss"]
[EventDate "2017.12.26"]

1. c4 e6 2. Nc3 d5 3. cxd5 exd5 4. g3 Nf6 5. Bg2 c6 6. d3 Bd6 7. Nf3 O-O 8. O-O
Be6 9. Bg5 h6 10. Bxf6 Qxf6 11. Qd2 Nd7 12. Rac1 Ne5 13. Nd4 Rad8 14. Nb3 Qe7
15. Rfd1 f5 16. e3 g5 17. Ne2 Ng6 18. f4 g4 19. Qc2 h5 20. Nc5 Bf7 21. e4 dxe4
22. dxe4 Bxc5+ 23. Kh1 Rxd1+ 24. Rxd1 Re8 25. Nc3 fxe4 26. Bxe4 Qf6 27. Rd7 Re7
28. Rd1 Bb4 29. Nb1 Bd5 30. Bxd5+ cxd5 31. Kg2 0-1

[Event "DVM U14w 2017"]
[Site "Neumünster GER"]
[Date "2017.12.29"]
[Round "5"]
[White "Schilay, Maria"]
[Black "Schmitt, Xenia"]
[Result "1-0"]
[Termination "normal"]
[Board "10.2"]
[WhiteElo "1331"]
[BlackElo "1065"]
[WhiteTeam "SK Neumarkt"]
[BlackTeam "SC Vaterstetten"]
[PlyCount "71"]
[WhiteFideId "12942979"]
[BlackFideId "16241614"]
[EventCountry "GER"]
[EventRounds "7"]
[EventType "team-swiss"]
[EventDate "2017.12.26"]

1. e4 c5 2. Nc3 Nc6 3. g3 Nf6 4. Bg2 d6 5. d3 g6 6. Be3 Bg7 7. h3 Nd4 8. Qd2
O-O 9. Nge2 Nd7 10. O-O Nb6 11. f4 e5 12. Rac1 f5 13. Rb1 fxe4 14. Nxe4 Nd5 15.
Bxd4 exd4 16. c3 Ne3 17. Rf3 Nxg2 18. Kxg2 Re8 19. cxd4 c4 20. N2c3 cxd3 21.
Qxd3 Bf5 22. Qc4+ d5 23. Nxd5 Rxe4 24. Nf6+ Kh8 25. Nxe4 Bxe4 26. Re1 Bxf3+ 27.
Kxf3 Qxd4 28. Qb5 Qd8 29. Qxb7 Qb8 30. Qd7 Bxb2 31. Re7 Qg8 32. Qb7 Ba3 33. Rd7
a5 34. Qb5 Qxa2 35. Qe5+ Kg8 36. Qg7# 1-0

[Event "DVM U14w 2017"]
[Site "Neumünster GER"]
[Date "2017.12.29"]
[Round "5"]
[White "Röll, Laura"]
[Black "Burger, Daiana"]
[Result "1-0"]
[Termination "normal"]
[Board "10.3"]
[WhiteElo "1006"]
[BlackElo "973"]
[WhiteTeam "SC Vaterstetten"]
[BlackTeam "SK Neumarkt"]
[PlyCount "51"]
[WhiteFideId "16213394"]
[BlackFideId "16217233"]
[EventCountry "GER"]
[EventRounds "7"]
[EventType "team-swiss"]
[EventDate "2017.12.26"]

1. e4 e5 2. Nf3 Nc6 3. Bc4 Bc5 4. Nc3 Nf6 5. d3 h6 6. Be3 Bxe3 7. fxe3 d6 8. h3
Be6 9. Bb5 O-O 10. Qe2 a6 11. Bxc6 bxc6 12. O-O-O d5 13. Nxe5 Qd6 14. Nf3 Nd7
15. Nh4 Rab8 16. a3 Rb7 17. d4 dxe4 18. Nxe4 Qd5 19. Nc3 Qa5 20. g4 Rfb8 21.
Nf3 Rxb2 22. Kd2 R8b3 23. Qd3 Rxa3 24. Rb1 Rba2 25. Ne5 Nxe5 26. Rb8+ 1-0

[Event "DVM U14w 2017"]
[Site "Neumünster GER"]
[Date "2017.12.29"]
[Round "5"]
[White "Burger, Radena"]
[Black "Spreen, Merle"]
[Result "0-1"]
[Termination "normal"]
[Board "10.4"]
[WhiteElo "813"]
[BlackElo "866"]
[WhiteTeam "SK Neumarkt"]
[BlackTeam "SC Vaterstetten"]
[PlyCount "166"]
[WhiteFideId "16217241"]
[BlackFideId "16241606"]
[EventCountry "GER"]
[EventRounds "7"]
[EventType "team-swiss"]
[EventDate "2017.12.26"]

1. e4 e5 2. Nf3 Nc6 3. Bc4 Bc5 4. O-O Nf6 5. Nc3 d6 6. h3 O-O 7. d3 h6 8. Be3
Be6 9. Qd2 Qd7 10. Na4 Bb4 11. c3 Ba5 12. b4 Bb6 13. Rab1 a5 14. b5 Ne7 15.
Bxb6 c6 16. Qc2 cxb5 17. Bxb5 Qc8 18. Be3 Qc7 19. Bb6 Qc8 20. c4 Nc6 21. Qc3
Nh5 22. Rfe1 Nf4 23. Nh4 Bd7 24. c5 dxc5 25. Bxc5 Re8 26. Bc4 Be6 27. Qc1 Ne7
28. d4 Neg6 29. Nxg6 Nxg6 30. dxe5 Rb8 31. Nb6 Qxc5 32. Bxe6 Qe7 33. Bc4 Qxe5
34. Qc2 Qg5 35. Nd5 b5 36. Bxb5 Nh4 37. g3 Nf3+ 38. Kf1 Nxe1 39. Kxe1 Re5 40.
h4 Qg6 41. Ne7+ Rxe7 42. Bd3 Rbe8 43. f3 Qxg3+ 44. Ke2 Qh2+ 45. Kd1 Qxh4 46.
Qe2 Rd8 47. Rb3 a4 48. Ra3 Ra7 49. Qg2 Rd4 50. Rc3 Qd8 51. Qg4 Rad7 52. Ke2 Qb8
53. Qh5 g6 54. Qxh6 Rb4 55. Qh3 Rdb7 56. Kd2 Rb2+ 57. Bc2 Rxa2 58. Qh6 a3 59.
f4 Rab2 60. Rh3 Qd8+ 61. Kc1 Qf6 62. e5 Qg7 63. Qg5 a2 64. Qd8+ Qf8 65. Qa5 f5
66. Qd5+ Kg7 67. Qa5 R7b5 68. Qc7+ Qf7 69. Rh7+ Kxh7 70. Qxf7+ Kh6 71. Qf8+ Kh5
72. Qh8+ Kg4 73. Qa8 Rb1+ 74. Bxb1 axb1=Q+ 75. Kd2 Rb2+ 76. Kc3 Rb3+ 77. Kc4
Qd3+ 78. Kc5 Rb5+ 79. Kc6 Qd5+ 80. Kc7 Qxa8 81. Kd6 Qa6+ 82. Kc7 Rb7+ 83. Kc8
Qa8# 0-1

[Event "DVM U14w 2017"]
[Site "Neumünster GER"]
[Date "2017.12.29"]
[Round "6"]
[White "Basovskiy, Jana"]
[Black "Müdder, Melanie"]
[Result "0-1"]
[Termination "normal"]
[Board "1.1"]
[WhiteElo "1788"]
[BlackElo "1829"]
[WhiteClock "00:02:44"]
[BlackClock "00:08:34"]
[WhiteTeam "SF Sasbach"]
[BlackTeam "SG Solingen"]
[PlyCount "68"]
[WhiteFideId "16208617"]
[BlackFideId "12994103"]
[EventCountry "GER"]
[EventRounds "7"]
[EventType "team-swiss"]
[EventDate "2017.12.26"]

1. e4 {[%clk 1:30:58]} c5 {[%clk 1:30:55]} 2. Nf3 {[%clk 1:31:24]} Nc6 {[%clk
1:31:16]} 3. d4 {[%clk 1:31:46]} cxd4 {[%clk 1:31:34]} 4. Nxd4 {[%clk 1:32:10]}
e5 {[%clk 1:31:55]} 5. Nb5 {[%clk 1:32:31]} d6 {[%clk 1:32:07]} 6. N1c3 {[%clk
1:32:54]} a6 {[%clk 1:32:29]} 7. Na3 {[%clk 1:33:19]} Be7 {[%clk 1:32:46]} 8.
Nd5 {[%clk 1:24:24]} Nf6 {[%clk 1:31:27]} 9. f3 {[%clk 1:24:07]} Nxd5 {[%clk
1:22:46]} 10. exd5 {[%clk 1:23:26]} Nd4 {[%clk 1:22:32]} 11. c3 {[%clk
1:23:03]} Nf5 {[%clk 1:22:07]} 12. Bd3 {[%clk 1:17:01]} Bh4+ {[%clk 1:15:20]}
13. g3 {[%clk 1:15:25]} Bg5 {[%clk 1:14:47]} 14. Qa4+ {[%clk 1:09:00]} Bd7
{[%clk 1:05:55]} 15. Qe4 {[%clk 1:08:35]} Bxc1 {[%clk 0:56:26]} 16. Rxc1 {[%clk
1:07:49]} Qg5 {[%clk 0:51:36]} 17. f4 {[%clk 1:06:45]} Qh6 {[%clk 0:49:54]} 18.
O-O {[%clk 1:03:29]} O-O {[%clk 0:46:53]} 19. fxe5 {[%clk 0:54:07]} dxe5 {[%clk
0:40:14]} 20. Qxe5 {[%clk 0:45:24]} Ne3 {[%clk 0:33:50]} 21. Rf4 {[%clk
0:37:24]} Ng4 {[%clk 0:25:38]} 22. Qe2 {[%clk 0:35:28]} Rae8 {[%clk 0:24:16]}
23. Qc2 {[%clk 0:26:14]} Ne3 {[%clk 0:19:26]} 24. Qb3 {[%clk 0:19:12]} Ng4
{[%clk 0:17:55]} 25. Qc2 {[%clk 0:18:49]} Ne3 {[%clk 0:16:32]} 26. Qd2 {[%clk
0:16:05]} Qb6 {[%clk 0:15:28]} 27. Kh1 {[%clk 0:09:02]} Nxd5 {[%clk 0:15:11]}
28. Rh4 {[%clk 0:08:52]} h6 {[%clk 0:13:22]} 29. Nc4 {[%clk 0:08:40]} Qc6
{[%clk 0:12:33]} 30. Be4 {[%clk 0:06:49]} Rxe4 {[%clk 0:08:37]} 31. Rxe4 {[%clk
0:07:11]} Nf6 {[%clk 0:08:57]} 32. Nd6 {[%clk 0:01:50]} Nxe4 {[%clk 0:08:28]}
33. Nxe4 {[%clk 0:02:17]} Qxe4+ {[%clk 0:08:51]} 34. Kg1 {[%clk 0:02:44]} Bc6
{[%clk 0:08:34]} 0-1